00463nam a2200157Ia 4500008004100000020001800041082001400059100001800073245006200091250000800153260005400161300002900215500001900244600002700263650001500290240925s9999 xx 000 0 und d a9789694948447 a629.8 HAS aHasnain , S.K 0aControl Systems for Engineers: theory and worked examples a1st aKarachi:bParamount Publishing Enterprisec,2011. axxiii,414p.b0fOriginal aIncludes Index aEngineering Technology aTechnology